000 00529nam a22001817a 4500
005 20251108165923.0
008 250721s1997 xx 000 0 ara d
082 1 4 _aق/سال
100 1 _aسالنجر، ج . د
245 1 0 _aاليوم المرتجى لسمك الموز /
264 1 _aبيروت :
_bدار االفارابي،
_c1997.
300 _a140ص
650 1 7 _aالقصص الإنجليزية
650 1 7 _aالروايات
700 1 _aحجار، بسام
_eترجمة
942 _2ddc
_cBK
999 _c34839
_d34839